[Event "World University-ch (Women)"]
[Site "Aracaju"]
[Date "2018.09.18"]
[Round "9"]
[White "Desai, Rujuta"]
[Black "Anekar, Shreya"]
[Result "1/2-1/2"]
[WhiteElo "1536"]
[BlackElo "1461"]
[PlyCount "53"]
[EventDate "2018.09.13"]
[EventType "swiss"]
[EventRounds "9"]
[EventCountry "BRA"]
[SourceTitle "CBM 186 Extra"]
[Source "ChessBase"]
[SourceDate "2018.08.24"]
[SourceVersion "1"]
[SourceVersionDate "2018.08.24"]
[SourceQuality "1"]

1. e4 e5 2. Nf3 Nc6 3. d4 exd4 4. Nxd4 Bc5 5. Nxc6 dxc6 6. Qxd8+ Kxd8 7. Nc3 Be6 8. Bd3 Nf6 9. Bg5 Ke7 10. e5 Rad8 11. exf6+ gxf6 12. Bf4 Bb6 13. Bg3 h6 14. 0-0-0 Rhg8 15. Bh7 Rh8 16. Rxd8 Rxd8 17. Na4 Ba5 18. Rd1 Rxd1+ 19. Kxd1 Kd7 20. Nc5+ Kc8 21. Nxe6 fxe6 22. Bf4 h5 23. Bg3 Kd7 24. Bg6 Ke7 25. Bxh5 Bb6 26. Be2 c5 27. Bd3 1/2-1/2

[Event "World University-ch (Women)"]
[Site "Aracaju"]
[Date "2018.09.14"]
[Round "3"]
[White "Desai, Rujuta"]
[Black "Afraoui, Anaelle"]
[Result "0-1"]
[WhiteElo "1536"]
[BlackElo "2028"]
[PlyCount "84"]
[EventDate "2018.09.13"]
[EventType "swiss"]
[EventRounds "9"]
[EventCountry "BRA"]
[SourceTitle "CBM 186 Extra"]
[Source "ChessBase"]
[SourceDate "2018.08.24"]
[SourceVersion "1"]
[SourceVersionDate "2018.08.24"]
[SourceQuality "1"]

1. e4 c5 2. Nc3 Nc6 3. g3 g6 4. Bg2 Bg7 5. Nge2 d6 6. d3 e6 7. 0-0 Nge7 8. Be3 0-0 9. Qd2 Rb8 10. f4 b5 11. a3 a5 12. h3 b4 13. axb4 axb4 14. Nd1 Nd4 15. Nf2 Nxe2+ 16. Qxe2 Bxb2 17. Rab1 Bg7 18. Ng4 f5 19. Nh2 Bd7 20. Nf3 fxe4 21. dxe4 Bb5 22. c4 Bd7 23. Rfd1 Ba4 24. Rd3 Qc7 25. Ng5 Rf6 26. Qd2 h6 27. Nf3 Rff8 28. Ne1 Rb6 29. g4 Kh7 30. Bf3 Bc3 31. Qa2 Ra6 32. Bd1 Bb5 33. Qc2 Bxc4 34. Rxc3 bxc3 35. Qxc3 Qa5 36. Qxc4 Qxe1+ 37. Kg2 Qxe3 38. Qxe6 Qd2+ 39. Kg1 Qd4+ 40. Kg2 Qf6 41. Qd7 Ra2+ 42. Kh1 Qxf4 0-1